000 00959cam a2200217 4500
001 WB3746-23
008 011205n2001 000 0 eng u
035 _a(Sirsi) u115881
245 _aAccessing planning system online
260 _c2001
490 _aDTLR News Release
_v(515) 29 November 2001, (2)
520 _aWeb based planning service, Planning Portal Programme is being developed that will allow customers of the planning system to submit, track and view their appeals over the internet. Contracts arranged with IBM and Unisys/Fabasoft. For full details of the Planning Portal Programme go to http://www.planningportalprogramme.gov.uk/
590 _aWB
650 _aONLINE PLANNING SYSTEM
650 _aPLANNING PORTAL PROGRAMME
650 _aPLANNING INSPECTORATE
650 _aPLANNING ADVISORY SERVICE
650 _aCAPITAL MODERNISATION FUNDS
690 _aENVIRONMENTAL AND LAND CONSULTANCY-PLANNING AND DEVELOPMENT
942 _n0
999 _c69036
_d69036